000 00571nam a2200193 a 4500
005 20241113063713.0
008 010926s1999 es r 000 0 spa d
020 _a8487520707
035 _aUPN01000112076
049 _aCG
050 4 _aGV461
_bV5.34
100 1 _aViedma Martínez, José Manuel
245 1 3 _aLa gimnasia artística como contenido dentro del ámbito escolar /
_cJosé Manuel Viedma Martínez.
260 _aSevilla, Esp. :
_bWanceulen,
_c1999.
300 _a139 p. :
_bil.
650 4 _aGimnasia
_9122
650 2 _aEjercicio
_919522
905 _aLibro
999 _c85984
_d85984